书目信息 |
| 题名: |
工程胶黏剂及其应用
|
|
| 作者: | 翟海潮 编著 | |
| 分册: | ||
| 出版信息: | 北京 化学工业出版社 2017.04 |
|
| 页数: | 269页 | |
| 开本: | 24cm | |
| 丛书名: | ||
| 单 册: | ||
| 中图分类: | TQ430.7 | |
| 科图分类: | ||
| 主题词: | 胶粘剂 | |
| 电子资源: | ||
| ISBN: | 978-7-122-29284-1 | |
| 000 | 00935nam0 2200241 450 | |
| 001 | 3753 | |
| 005 | 20181008141712.25 | |
| 010 | @a978-7-122-29284-1@dCNY88.00 | |
| 100 | @a20170524d2017 em y0chiy50 ea | |
| 101 | 0 | @achi |
| 102 | @aCN@b110000 | |
| 105 | @aa z 000yy | |
| 200 | 1 | @a工程胶黏剂及其应用@9gong cheng jiao nian ji ji qi ying yong@dEngineering adhesives@f翟海潮编著@zeng |
| 210 | @a北京@c化学工业出版社@d2017.04 | |
| 215 | @a269页@c图@d24cm | |
| 307 | @a实际页数为:270 | |
| 330 | @a本书对工程胶黏剂的定义、分类、发展历史进行了简单介绍,重点阐述了工程胶黏剂的配方与生产工艺、施工工艺、涂胶与固化设备以及工程胶黏剂在建筑、交通运输、机械设备制造与维修、电子电器制造、新能源设备制造、航空航天、军工及医疗等领域中的应用。 | |
| 510 | 1 | @aEngineering adhesives@zeng |
| 606 | 0 | @a胶粘剂 |
| 690 | @aTQ430.7@v5 | |
| 701 | 0 | @a翟海潮@9zhai hai chao@4编著 |
| 801 | 0 | @aCN@b91MARC@c20170524 |
| 905 | @aMuseLib@dTQ430.7@e10 | |
| 工程胶黏剂及其应用=Engineering adhesives/翟海潮编著.-北京:化学工业出版社,2017.04 |
| 269页:图;24cm |
| ISBN 978-7-122-29284-1:CNY88.00 |
| 本书对工程胶黏剂的定义、分类、发展历史进行了简单介绍,重点阐述了工程胶黏剂的配方与生产工艺、施工工艺、涂胶与固化设备以及工程胶黏剂在建筑、交通运输、机械设备制造与维修、电子电器制造、新能源设备制造、航空航天、军工及医疗等领域中的应用。 |
| ● |
| 相关链接 |
|
|
|
|
正题名:工程胶黏剂及其应用
索取号:TQ430.7/10
 
预约/预借
| 序号 | 登录号 | 条形码 | 馆藏地/架位号 | 状态 | 备注 |
| 1 | 1123557 | 211235572 | 第二样本阅览室/ [索取号:TQ430.7/10] | 在馆 | |
| 2 | 1123558 | 211235581 | 化学系资料室/ [索取号:TQ430.7/10] | 在馆 | |
| 3 | 1123559 | 211235590 | 第三借阅区/ [索取号:TQ430.7/10] | 在馆 | |
| 4 | 1123560 | 211235607 | 第三借阅区/ [索取号:TQ430.7/10] | 在馆 | |
| 5 | 1123561 | 211235616 | 第三借阅区/ [索取号:TQ430.7/10] | 在馆 |